00806nam a2200217 a 450000100060000000300090000600800410001502000150005604000280007108200170009910000250011624500620014126000270020330000100023050502080024065000430044865000290049165000190052065000250053965000240056422857CO-ViMGA141112s2004 ck r 000 u spa d a9586824845 aCO-ViMGAbspacCO-ViMGA04a658.02 R637g1 aRodriguez T, Eduardo10aGerencia Matemà€tica : bLa mente conceptual del gerente aColombia : bAlfaomega a413p. aAdministracion, filosofia, arte y matematicas, Analisis del consumidor y teoria de conjuntos, El analisis de mas de una variable, el entorno y la teoria de matrices, La competencia es por la optimizacion14aADMINISTRACION DE EMPRESAS - MANUALES 14aFUNCIONES (MATEMATICAS) 14aPROBABILIDADES14aTEORIA DE CONJUNTOS 14aTEORIA DE MATRICES